000
00287nam a22001337a 4500
008
170411b xxu||||| |||| 00| 0 eng d
020
_a
0848711505
041
_a
eng
080
_a
612.39
100
_a
9
101
_a
SHM
245
_a
LIGHT & LUSCIOUS
_c
OXMOOR HOUSE
942
_2
udc
_c
BK
999
_c
10331
_d
10331